| 000 | 00000nas 2200000za 4500 |
| 001 | 9.502654 |
| 003 | CaOODSP |
| 005 | 20200325102302 |
| 007 | cr ||||||||||| |
| 008 | 150406d19981998xxc|| m o||||f| |0fre|d |
| 040 | |aCaOODSP|bfre |
| 043 | |an-cn--- |
| 086 | 1 |aBT31-4/1998F-PDF |
| 110 | 1 |aCanada. |bConseil du trésor. |
| 245 | 10|aRapport sur le rendement pour la période se terminant le 31 mars 1998 |h[ressource électronique] |
| 246 | 3 |aBudget des dépenses |
| 260 | |aOttawa - Ontario : |bSecrétariat du Conseil du Trésor du Canada |c[1998]. |
| 362 | 1 |aPour la période se terminant le 31 mars 1998 |
| 691 | 07|aBudget|2gcpds |
| 691 | 07|aÉvaluation du rendement|2gcpds |
| 775 | 08|tPerformance report for the period ending March 31, 1998 |w(CaOODSP)9.506257 |
| 776 | 0#|tPerformance report for the period ending March 31, 1998 : |w(CaOODSP)9.508974 |
| 776 | 0#|tRapport sur le rendement pour la période se terminant le 31 mars 1998 : |w(CaOODSP)9.508975 |